| 000 | 00771nam a2200289Ia 4500 | ||
|---|---|---|---|
| 008 | 160803s9999 xx 000 0 und d | ||
| 020 | _a0 545204089 | ||
| 100 | _aPolacco, Patricia | ||
| 245 | _aFor the love of Autumn / | ||
| 245 | _cPatricia Polacco. | ||
| 260 | _aNew York : | ||
| 260 | _bScholastic Inc. | ||
| 260 | _c2008 | ||
| 300 | _a1 volume (unpaged) : | ||
| 300 | _bcolor illustrations ; | ||
| 300 | _c29 cm | ||
| 500 | _aOriginally published: New York : Philomel Books, 2008. | ||
| 650 | _aCats -- | ||
| 650 | _aLost and found possessions -- | ||
| 650 | _aPicture books. | ||
| 650 | _aTeachers -- | ||
| 650 | _aWashington (State) -- Fiction. | ||
| 650 | _xFiction. | ||
| 650 | _xFiction. | ||
| 650 | _xFiction. | ||
| 700 | _a810 | ||
| 999 |
_c299111 _d299111 |
||